Statistics for The Monday Quiz

Click here to take the quiz!

General Stats

  • This quiz has been taken 637 times
  • The average score is 7 of 15

Answer Stats

QuestionAnswer% Correct
Monday originates from the Latin dies lunae which means what?Day of the {moon}
88%
How many Mondays were there in the year 2021?52
78%
What colour is given to the name of the so-called "most depressing day of the year"?{Blue} Monday
78%
What name is given to the Monday after Thanksgiving to encourage people to shop online?{Cyber} Monday
72%
#MondayMotivation is a popular hashtag which originated on which social media platform?Twitter
68%
In what language is Monday called יוֹם שֵׁנִי (yom shení), meaning literally "Second Day"?Hebrew
66%
Monday Night Raw is an American television program featuring which sport?Wrestling
56%
Miracle Monday was a novel written in 1981 featuring which DC Comics superhero?Superman
52%
Netflix movie What Happened to Monday features how many genetically identical children?7
51%
In 1985, The Bangles released which single featuring the word Monday?{Manic} Monday
48%
Which band released the song Monday, Monday back in 1966?The {Mamas}
& The {Papas}
43%
Whit Monday, observed by some forms of Christianity, is the day after what celebration?Pentecost
13%
Monday is the only day of the week that is an anagram of a single word. What is it?Dynamo
7%
What cloud-based platform for team management was originally called dapulse?Monday.com
6%
In what region would you celebrate Handsel Monday on the first Monday of the year?Scotland
4%

Score Distribution

Percentile by Number Answered

Percent of People with Each Score

Your Score History

You have not taken this quiz